000 00792nam a22002177a 4500
003 0
005 20250120082240.0
008 160108b xxu||||| |||| 00| 0 eng d
050 _aPHS LB 1072
_b.C615 2015
100 _aClaudio, Gabriel Alexander L.
245 _aThe relationship between students' self-perceived emotional intelligence and stress management
_cGabriel Alexander L. Claudio
260 _aLas PiƱas, Philippines :
_bSouthville International School and Colleges,
_c2015.
300 _biii, 25 p. :
_aill. ;
_c28 cm.
504 _aIncludes bibliographical references.
650 _aEmotions and cognition.
650 _aEmotional intelligence.
650 _aStress management.
650 _aStudents
_vPsychology.
650 _aStress in adolescence.
942 _2lcc
_cPASS
999 _c289049
_d289049